000 00641nam a2200241Ia 4500
003 OSt
005 20220918214431.0
006 a|||||r|||| 00| 0
007 ta
008 220917b |||||||| |||| 00| 0 eng d
024 _a137,509
037 _cTextual
040 _aARTS
_cARTS
_beng
041 _2eng
_aeng
082 _aXM250T, J0
100 _aColombain Maurice
_9131352
245 0 _aCooperatives and fundamental education
260 _c1950
490 _aUnesco, monographs on fundamental education; 2
650 _aECONOMICS
942 _hXM250T, J0
_cTEXL
_2CC
999 _c260589
_d260589